000 00600nam a2200217Ia 4500
003 OSt
005 20260120143940.0
008 210210b1947 xxu||||| |||| 00| 0 eng d
040 _cAL
041 _aKannada
082 _a858/129
100 _aMANJAPPA HARDEKARA
_dಮಂಜಪ್ಪ ಹರ್ಡೇಕರ
_9251899
245 _aThomas Alva Edison
_bಥಾಮಸ್ ಆಲ್ವಾ ಎಡಿಸನ್
260 _aBengaLUru
_b-
_c1947
650 _aThAmas
_9251900
650 _aeDisan
_9251901
650 _aAlva
_9251902
690 _aBiography
_9251903
906 _a020672
942 _2ddc
_cBK
999 _c144826
_d144826